00474nam a2200205Ia 4500008004100000020001800041050001600059100001800075245002800093245002100121260001500142260001600157260000900173300001600182300002000198300001000218300002600228440000600254500000800260170918s9999 xx 000 0 und d a9780545299824 bP739mo 2011 aPoblocki, Dan aMonsters and mischief / cby Dan Poblocki. aNew York : bScholastic, c2011 a172 pages : billustrations ; c19cm. eThe mysterious four ; a3 a730